1573 1669 1872 1223 1176 1726 1626 1281 1829 1695 1345 1097 1455 1716 1419 1611 1949 1820 1968 1382 1321 1929 1349 1196 1032 1564 1338 1256 1074 1574 1636 1486 1464 1404 1349 1576 1894 1619 1715 1420 1708 1124 1646 1840 1353 1214 1599 1573 1006 1495 1764 1027 1575 1900 1461 1037 1304 1214 1543 1671 1467 1886 1586 1129 1436 1949 1695 1857 1621 1560 1077 1250 1759 1332 1519 1197 1889 1052 1541 1067 1806 1176 1992 1771 1790 1695 1928 1249 1410 1989 1585 1915 1268 1949 1148 1787 1031 1454 1997 BCNSPRNW ULIB Ver.6.0+V

เปลี่ยนเป็นภาษาไทย

Change to English
 แสดงรายละเอียดบรรณานุกรม
  กลับหน้าหลัก

Brief Record : Get Marc (ISO 2709) : E-mail record : QR code < ปิดหน้าต่าง
LEADER : 00000nam 2200000uu 4500
001    13399128159
003     ULIB
008    220727s2564||||th 000 0 tha d
020 ^- ^a9786160627509
050 04 ^aนว^bฉ231ท
100 ^- ^aฉัตรฉาย
245 ^- ^aทิวาหลอมทราย ชุด ม่านรักฐานันดร/^cฉัตรฉาย
250    ^aพิมพ์ครั้งที่ 1
260 ^- ^aกรุงเทพฯ :^bแจ่มใส,^c2564
300 ^- ^a435 หน้า ;^c21 ซม.
650 ^4 ^aนวนิยายไทย
945    ^p369^l0^i009253
999    ^aประนอม เกษจรัล
รายการนี้ยังไม่มีแท็ก
คุณยังไม่ได้ล็อกอิน คุณสามารถมีกิจกรรมร่วมกับเว็บไซต์ได้ แต่ต้องล็อกอินก่อน ::
  ล็อกอิน

รายการสื่อสารสนเทศ

ลำดับที่ ประเภท เลขเรียก/บาร์โค้ด สถานที่ สถานะ
1. นวนิยาย
นวนิยาย
นว ฉ231ท ฉ.1 
  Barcode: 009253
ห้องสมุดวิทยาเขตสวรรค์ประชารักษ์
►นวนิยาย
บนชั้น
  ขอยืม

รายการใกล้เคียง
    ผู้แต่ง [ฉัตรฉาย]

    หัวเรื่อง [นวนิยายไทย]

BibComment


ยังไม่เคยถูกคอมเมนท์

คอมเมนท์ทรัพยากรรายการนี้
  คอมเมนท์: ทิวาหลอมทราย ชุด..


 Copyright 2026. Bcnsprnw @Library